Informes de investigaciones IAVH en PDF (Registro nro. 5986)

Detalles MARC
000 -CABECERA
Campo de control 00673cmd a2200193 a 4500
005 - FECHA Y HORA DE LA ULTIMA TRANSACCION
Campo de control 20181203123216.0
008 - ELEMENTOS DE LONGITUD FIJA—INFORMACION GENERAL
Campo de control 130718b2007 ck ||||| |||| 00| 0 spa d
040 ## - FUENTE DE CATALOGACIÓN
Agencia catalogadora original CO-BoIAVH
Agencia transcriptora CO-BoIAVH
041 ## - IDIOMA
Código de idioma para texto/pista de sonido o título separado Español
044 ## - PAÍS DE PUBLICACIÓN
País de publicación Colombia
090 ## - CLASIFICACIÓN LOCAL
Colección IAVH
Consecutivo 00765
245 ## - MENCION DE TITULO
Título Informes de investigaciones IAVH en PDF
260 ## - PUBLICACION, DISTRIBUCION, ETC. (PIE DE IMPRENTA)
Lugar de publicación, distribución, etc. Bogotá
Nombre del editor, distribuidor, etc. Informatica documental
Fecha de publicación, distribución, etc. 2007
300 ## - DESCRIPCION FISICA
Extensión 2 CD ROM
505 ## - NOTA DE CONTENIDO
Nota de contenido CD-1: Contiene los documentos correspondientes a IAVH desde IAVH-00601 hasta IAVH-00680
505 ## - NOTA DE CONTENIDO
Nota de contenido CD-2: Contiene los documentos correspondientes a IAVH desde IAVH-00682 hasta IAVH-00699 y desde IAVH-0750 hasta IAVH-0756
942 ## - ELEMENTOS ADICIONALES (KOHA)
Tipo de ítem CD-ROM
Sistema de clasificación Local
945 ## - PROCESAMIENTO LOCAL
AAAA-MM-DD - Fecha de ingreso o modificacion 2007-11-05
Existencias
Withdrawn status Lost status Sistema de Clasificación Damaged status No para préstamo Colección Ubicación Permanente Ubicación actual Fecha de adquisición Total Checkouts Número topográfico Inventario / Código de Barras Date last seen Ejemplar Price effective from Forma de adquisición Tipo de material
    Local   No para Préstamo Humboldt Bogotá Bogotá 05/12/2007   IAVH-00765 024802 04/12/2012 V. 1 Ej. 1 04/12/2012 Institucional CD-ROM
    Local   No para Préstamo Humboldt Bogotá Bogotá 05/12/2007   IAVH-00765 CD 024801 04/12/2012 V. 2 Ej. 1 04/12/2012 Institucional CD-ROM